LEADER 01118nam0-22003011i-450- 001 990000089250403321 035 $a000008925 035 $aFED01000008925 035 $a(Aleph)000008925FED01 035 $a000008925 100 $a20011111d--------km-y0itay50------ba 101 0 $aita 105 $ay-------001yy 200 1 $aFosses d'aisances, latrines, urinoirs et vidanges$ehistorique, construction, ventilation, désinfection, études desdifférents systèmes, application à l'agriculture, législation et jurisprudence$fF. Liger. 210 $aParis$cJ. Baudry$d1875 215 $aVI, 548 p.$cill.$d25 cm 300 $aPrecede il tit.: Dictionnaire historique et pratique de la voirie, de la construction, de la police municipale et de la contiguité 610 0 $aFosse biologiche 676 $a628.742 700 1$aLiger,$bFrançois Joseph$0332485 801 0$aIT$bUNINA$gRICA$2UNIMARC 901 $aBK 912 $a990000089250403321 952 $a13 AR 14 D 50$b4935$fFINBC 959 $aFINBC 996 $aFosses d'aisances, latrines, urinoirs et vidanges$9109551 997 $aUNINA DB $aING01 LEADER 00977nam a22002651i 4500 001 991000579429707536 005 20021018064711.0 008 021018s1982 it |||||||||||||||||ita 035 $ab12025446-39ule_inst 035 $aARCHE-011524$9ExL 040 $aDip.to Filologia Ling. e Lett.$bita$cA.t.i. Arché s.c.r.l. Pandora Sicilia s.r.l. 082 04$a854.9 100 1 $aLinati, Carlo$0151929 245 13$aIl bel Guido e altri ritratti /$cCarlo Linati ; a cura di Gianfranca Lavezzi e Anna Modena 260 $aMilano :$bScheiwiller,$c1982 300 $a217 p. ;$c17 cm 440 3$aLa razza 700 1 $aLavezzi, Gianfranca 700 1 $aModena, Anna 907 $a.b12025446$b02-04-14$c01-04-03 912 $a991000579429707536 945 $aLE008 TS L I 61$g1$i2008000397838$lle008$o-$pE0.00$q-$rl$s- $t0$u0$v0$w0$x0$y.i12314778$z01-04-03 996 $aBel Guido e altri ritratti$9142390 997 $aUNISALENTO 998 $ale008$b01-04-03$cm$da $e-$fita$git $h3$i1